| 000 | 00515nam a22001097a 4500 | ||
|---|---|---|---|
| 082 | _a080 | ||
| 100 |
_aशर्मा,रॉबिन _978703 |
||
| 245 | _aकौन रोएगा आपकी मृत्यु पर ( दि मंक हू सोल्ड हिज फरारी से जीवन के उपदेश ) | ||
| 260 |
_aनई दिल्ली _bजयको पब्लिकेशन हाउस _c2024 |
||
| 650 |
_aसेल्फ बुक _983457 |
||
| 942 | _cHIN | ||
| 999 |
_c68380 _d68380 |
||